| Tag |
First Indicator |
Second Indicator |
Subfields |
| LEADER |
00000cam a2200000 a 4500 |
| 001 |
in00000768607 |
| 005 |
20151017050302.0 |
| 008 |
881208s1978 cc b 00110 chi d |
| 035 |
|
|
|a (OCoLC)18863777
|
| 035 |
|
|
|9 ADJ9973AM
|
| 040 |
|
|
|a CUS
|c CUS
|d TXA
|d UtOrBLW
|
| 049 |
|
|
|a TXAM
|c [A11741909]
|
| 050 |
|
4 |
|a PL1469
|b .L59 1978
|
| 066 |
|
|
|c $1
|
| 100 |
1 |
|
|a Luo, Fuyi,
|d 1905-
|
| 245 |
1 |
0 |
|a Han yin wen tzu cheng /
|c Lo Fu-i pien.
|
| 250 |
|
|
|a Ti 1 pan.
|
| 264 |
|
1 |
|a Pei-ching :
|b Wen wu chʻu pan she :
|b Hsin hua shu tien Pei-ching fa hsing so fa hsing,
|c 1978
|
| 264 |
|
3 |
|c 1987 printing
|
| 300 |
|
|
|a 1 volume (various pagings) ;
|c 26 cm.
|
| 336 |
|
|
|a text
|b txt
|2 rdacontent
|
| 337 |
|
|
|a unmediated
|b n
|2 rdamedia
|
| 338 |
|
|
|a volume
|b nc
|2 rdacarrier
|
| 500 |
|
|
|a Includes bibliography and index.
|
| 650 |
|
0 |
|a Chinese language
|x Writing
|x Seal style.
|
| 650 |
|
0 |
|a Seals (Numismatics)
|z China.
|
| 999 |
|
|
|a MARS
|
| 999 |
f |
f |
|s 31bd9509-474f-3537-b74b-a561b6085ae2
|i f6c53d9a-db67-3d15-bd9c-16f9672dc8b4
|t 0
|
| 952 |
f |
f |
|p normal
|a Texas A&M University
|b College Station
|c Sterling C. Evans Library
|d Evans: Library Stacks
|t 0
|e PL1469 .L59 1978
|h Library of Congress classification
|i unmediated -- volume
|m A14811741909
|
| 998 |
f |
f |
|a PL1469 .L59 1978
|t 0
|l Evans: Library Stacks
|